أساسيات علم الإحصاء الوصفي / (رقم التسجيلة. 11252)
[ عرض عادي ]
| 000 -LEADER | |
|---|---|
| fixed length control field | 00570nam a22001937a 4500 |
| 005 - DATE AND TIME OF LATEST TRANSACTION | |
| control field | 20251108164649.0 |
| 008 - FIXED-LENGTH DATA ELEMENTS--GENERAL INFORMATION | |
| fixed length control field | 250721s1999 xx 000 0 ara d |
| 082 14 - DEWEY DECIMAL CLASSIFICATION NUMBER | |
| Classification number | 519.53/عوض |
| 100 1# - MAIN ENTRY--PERSONAL NAME | |
| Personal name | منصور، عوض |
| 245 10 - TITLE STATEMENT | |
| Title | أساسيات علم الإحصاء الوصفي / |
| 264 1# - PRODUCTION, PUBLICATION, DISTRIBUTION, MANUFACTURE, AND COPYRIGHT NOTICE | |
| Place of production, publication, distribution, manufacture | عمان : |
| Name of producer, publisher, distributor, manufacturer | دار صفاء للنشر و التوزيع، |
| Date of production, publication, distribution, manufacture, or copyright notice | 1999. |
| 300 ## - PHYSICAL DESCRIPTION | |
| Extent | 423ص. |
| 650 17 - SUBJECT ADDED ENTRY--TOPICAL TERM | |
| Topical term or geographic name as entry element | الإحصاء |
| 650 17 - SUBJECT ADDED ENTRY--TOPICAL TERM | |
| Topical term or geographic name as entry element | الإحصاء الوصفي |
| 700 1# - ADDED ENTRY--PERSONAL NAME | |
| Personal name | قوقزه، علي |
| 700 1# - ADDED ENTRY--PERSONAL NAME | |
| Personal name | صبري، عزام |
| 942 ## - ADDED ENTRY ELEMENTS (KOHA) | |
| Source of classification or shelving scheme | Dewey Decimal Classification |
| Koha item type | كتب |
| حالة السحب | حالة الفقدان | مصدر التصنيف | حالة التلف | غير قابل للإعارة | المكتبة الرئيسية | المكتبة الحالية | موقع الرف | تاريخ التزويد | الرقم المتسلسل | Total Checkouts | رقم الإستدعاء | تاريخ آخر ظهور | تاريخ الفاتورة | نوع المادة (كوها) | الباركود |
|---|---|---|---|---|---|---|---|---|---|---|---|---|---|---|---|
| Dewey Decimal Classification | المكتبة المركزية | المكتبة المركزية | مقتنيات قسم التزويد | 28/07/2025 | 1764095 | 519.53/عوض | 28/07/2025 | 28/07/2025 | كتب | ||||||
| Dewey Decimal Classification | Unchecked | مكتبة أبو علندا العامة | مكتبة أبو علندا العامة | الإعارة | 06/07/2004 | 288510 | 519.53/عوض | 28/07/2025 | 06/07/2004 | كتب | |||||
| Dewey Decimal Classification | Unchecked | مكتبة الاميرة بديعة | مكتبة الاميرة بديعة | الإعارة | 06/07/2004 | 288504 | 519.53/عوض | 28/07/2025 | 06/07/2004 | كتب | |||||
| Dewey Decimal Classification | مكتبة الجويدة | مكتبة الجويدة | الإعارة | 06/07/2004 | 288505 | 519.53/عوض | 28/07/2025 | 06/07/2004 | كتب | 288505 | |||||
| Dewey Decimal Classification | مكتبة حمزة العامة | مكتبة حمزة العامة | الإعارة | 06/07/2004 | 288507 | 519.53/عوض | 28/07/2025 | 06/07/2004 | كتب | 288507 | |||||
| Dewey Decimal Classification | مكتبة حمزة العامة | مكتبة حمزة العامة | الإعارة | 06/07/2004 | 305559 | 519.53/عوض | 28/07/2025 | 06/07/2004 | كتب | 305559 | |||||
| Dewey Decimal Classification | مكتبة صويلح العامة | مكتبة صويلح العامة | الإعارة | 04/01/1980 | 288502 | 519.53/عوض | 28/07/2025 | 04/01/1980 | كتب | PLD00485554 |